Państwa według częściowego obrazu satelitarnego #2 - Statystyki

Ogólne statystyki
  • Ten quiz został rozwiązany 3 553 razy
  • Średni wynik to 10 z 15
Statystyki odpowiedzi
Obrazkowy Odpowiedź % Poprawnych
Japonia
94%
Stany Zjednoczone
92%
Dania
90%
Brazylia
89%
Maroko
88%
Meksyk
86%
Nowa Zelandia
84%
Wielka Brytania
78%
Hiszpania
76%
Szwecja
57%
Sri Lanka
55%
Wenezuela
49%
Papua-Nowa Gwinea
39%
Republika Południowej Afryki
27%
Wietnam
20%
Nie znaleziono quizów pasujących do podanych kryteriów
Rozkład punktacji
Procent ludzi z każdym wynikiem
Percentyl według liczby udzielonych odpowiedzi
Twoja historia wyników
Nie rozwiązałeś tego quizu